Le cinéma 3-D : Histoire, économie, technique, esthétique (notice n° 1993830)
[ vue normale ]
| 000 -LEADER | |
|---|---|
| fixed length control field | 01433cam a2200145 4500500 |
| 005 - DATE AND TIME OF LATEST TRANSACTION | |
| control field | 20260329050321.0 |
| 041 ## - LANGUAGE CODE | |
| Language code of text/sound track or separate title | fre |
| 042 ## - AUTHENTICATION CODE | |
| Authentication code | dc |
| 100 10 - MAIN ENTRY--PERSONAL NAME | |
| Personal name | Barnier, Martin |
| Relator term | author |
| 245 00 - TITLE STATEMENT | |
| Title | Le cinéma 3-D : Histoire, économie, technique, esthétique |
| 260 ## - PUBLICATION, DISTRIBUTION, ETC. | |
| Name of publisher, distributor, etc. | Armand Colin,<br/> |
| Date of publication, distribution, etc. | 2015.<br/> |
| 520 ## - SUMMARY, ETC. | |
| Summary, etc. | De L’Étrange créature du lac noir à Avatar, le cinéma 3-D a connu plusieurs vagues et semble aujourd’hui s’installer durablement. Son succès a été rendu possible grâce à l’analyse de l’échec des stratégies commerciales des périodes précédentes et à l’émergence du numérique. Outil de création, le relief continuera à s’imposer si la technique évolue et si son inscription dans les scénarios et son usage dans l’image se justifient. Cet ouvrage est consacré à tous les aspects du cinéma en relief : historiques, technologiques, économiques, esthétiques et artistiques. Il permet notamment de démythifier le cinéma 3-D en expliquant simplement ses principes techniques, d’évaluer ses enjeux industriels et culturels, et de comprendre quel rapport il entretient avec le public. Il est illustré par l’analyse des films les plus récents afin de comprendre les recherches et les réussites de la 3-D, et d’entrevoir son futur. |
| 700 10 - ADDED ENTRY--PERSONAL NAME | |
| Personal name | Kitsopanidou, Kira |
| Relator term | author |
| 856 41 - ELECTRONIC LOCATION AND ACCESS | |
| Uniform Resource Identifier | <a href="https://shs.cairn.info/le-cinema-3-d--9782200275419?lang=fr&redirect-ssocas=7080">https://shs.cairn.info/le-cinema-3-d--9782200275419?lang=fr&redirect-ssocas=7080</a> |
Pas d'exemplaire disponible.




Réseaux sociaux